000
00222 a2200109 4500
020
_a
9781933032474
041
_a
spa
100
_a
Osborne, Mary Pope
245
_a
Esta noche en el Titanic
942
_c
BK
999
_c
11109
_d
11109
999
_d
11109